000 00354pam a2200157a 44500
008 230515b2011 xxu||||| |||| 00| 0 eng d
020 _a9780074624005
041 _aENGLISH
082 _a0
100 _aSEN P. C.
245 _aPOWER ELECTRONICS
250 _a0
260 _aNEW DELHI
_bTATA MC GRAW HILL
_c2011
300 _a1031P
650 _aNULL
999 _c600657
_d600657